| 000 | 01619nam a2200493 i 4500 | ||
|---|---|---|---|
| 001 | 53033 | ||
| 003 | KOSZ 005 | ||
| 005 | 20211214141007.0 | ||
| 008 | 070129s2006 pl a f f |000 0 pol | ||
| 015 | _aPB 2007/2527 | ||
| 020 | _a836020019X | ||
| 020 | _a9788360200193 | ||
| 035 | _a991032868369705066 | ||
| 035 | _a(PL-WaBN)b18812235-48omnis_nlop | ||
| 035 | _ab18812235 | ||
| 035 | _a(OCoLC)749281685 | ||
| 035 | _a(PL)b0000001881223 | ||
| 035 | _a(EXLNZ-48OMNIS_NETWORK)9910215659505606 | ||
| 040 |
_aWA N _cWA N _dKOSZ 005/HR |
||
| 046 | _k2006 | ||
| 080 | _a621.3.037.37 | ||
| 080 | _a(075.8) | ||
| 100 | 1 |
_aGrodzki, Lech J. _eAutor |
|
| 245 | 1 | 0 |
_aPodstawy techniki cyfrowej / _cLech J. Grodzki, Walenty Owieczko ; Politechnika Białostocka. |
| 250 | _aWyd. 2 popr. | ||
| 260 |
_aBiałystok : _bWydawnictwo Politechniki Białostockiej, _c2006. |
||
| 300 |
_a149 s. : _bil. ; _c23 cm. |
||
| 336 |
_2rdacontent _aTekst _btxt |
||
| 337 |
_2rdamedia _aBez urządzenia pośredniczącego _bn |
||
| 338 |
_2rdacarrier _aWolumin _bnc |
||
| 380 | _aKsiążki | ||
| 380 | _aPublikacje dydaktyczne | ||
| 385 |
_mPoziom nauczania _aSzkoły wyższe |
||
| 388 | _a2001- | ||
| 504 | _aBibliogr. s. 149. | ||
| 650 | 7 |
_aUkład cyfrowy _2DBN |
|
| 655 | 7 |
_aPodręczniki akademickie _2DBN |
|
| 658 | _aInżynieria i technika | ||
| 658 | _aInformatyka i technologie informacyjne | ||
| 700 | 1 |
_aOwieczko, Walenty _eAutor |
|
| 856 |
_uhttp://koha.tu.koszalin.pl/cgi-bin/koha/opac-detail.pl?biblionumber=53033 _yKatalog online BPK |
||
| 942 |
_2UKD _cKS |
||
| 999 |
_c53033 _d53033 |
||